Sports Quiz

Random Sports or Auto Racing Quiz

F1 Grand Prix winners who didn't lead a lap Quiz Stats

 Plays Quiz not verified by Sporcle

Also try: NBA MVP Teammates
Challenge
Share
Tweet
Embed
Score 0/7 Timer 05:00
0 Plays Today
Hint Answer % Correct
1994 Belgian GPDamon Hill
85.7%
1982 Brazilian GPAlain Prost
63.5%
1978 Italian GPNiki Lauda
61.1%
1951 French GPLuigi Fagioli
60.3%
1985 San Marino GPElio de Angelis
57.9%
1957 British GPTony Brooks
56.3%
1956 Argentine GPLuigi Musso
52.4%

You're not logged in!

Compare scores with friends on all Sporcle quizzes.
Join for Free
OR
Log In

You Might Also Like...

Show Comments

Extras

Top Quizzes Today


Score Distribution

Your Account Isn't Verified!

In order to create a playlist on Sporcle, you need to verify the email address you used during registration. Go to your Sporcle Settings to finish the process.

Report this User

Report this user for behavior that violates our Community Guidelines.

Details: